Life insurance / (Record no. 6868)
[ view plain ]
| 000 -LEADER | |
|---|---|
| fixed length control field | 00988nac a22002651u 4500 |
| 010 ## - LIBRARY OF CONGRESS CONTROL NUMBER | |
| LC control number | 86025375 |
| 020 ## - INTERNATIONAL STANDARD BOOK NUMBER | |
| International Standard Book Number | 0135358817 |
| 082 00 - DEWEY DECIMAL CLASSIFICATION NUMBER | |
| Classification number | 368.32 |
| Item number | BLA |
| 090 ## - LOCALLY ASSIGNED LC-TYPE CALL NUMBER (OCLC); LOCAL CALL NUMBER (OCLC) | |
| -- | 6868 |
| -- | 6868 |
| 100 ## - MAIN ENTRY--PERSONAL NAME | |
| Personal name | Black, Kenneth. |
| 245 10 - TITLE STATEMENT | |
| Title | Life insurance / |
| Statement of responsibility, etc | Kenneth Black, Harold D. Skipper. |
| 250 ## - EDITION STATEMENT | |
| Edition statement | 11th ed. / |
| Remainder of edition statement | Kenneth Black, Jr., Harold D. Skipper, Jr. |
| 260 ## - PUBLICATION, DISTRIBUTION, ETC. (IMPRINT) | |
| Place of publication, distribution, etc | Englewood Cliffs, N.J. : |
| Name of publisher, distributor, etc | Prentice-Hall, |
| Date of publication, distribution, etc | c1987. |
| 300 ## - PHYSICAL DESCRIPTION | |
| Extent | xiii, 608 p. : |
| Other physical details | ill. ; |
| Dimensions | 25 cm. |
| 440 #4 - | |
| -- | The Prentice-Hall series in security and insurance |
| 500 ## - GENERAL NOTE | |
| General note | Rev. ed. of: Life insurance / S.S. Huebner, Kenneth Black, Jr. 10th ed. c1982. |
| 500 ## - GENERAL NOTE | |
| General note | Distributer: Al-Ahram. |
| 504 ## - BIBLIOGRAPHY, ETC. NOTE | |
| Bibliography, etc | Includes bibliographies and index. |
| 511 ## - PARTICIPANT OR PERFORMER NOTE | |
| Participant or performer note | Catalogued By: Mahitab. |
| 650 #0 - SUBJECT ADDED ENTRY--TOPICAL TERM | |
| Topical term or geographic name as entry element | Insurance, Life. |
| 650 #0 - SUBJECT ADDED ENTRY--TOPICAL TERM | |
| Topical term or geographic name as entry element | Insurance, Health. |
| 700 1# - ADDED ENTRY--PERSONAL NAME | |
| Personal name | Skipper, Harold D., |
| Dates associated with a name | 1947- |
| 700 1# - ADDED ENTRY--PERSONAL NAME | |
| Personal name | Huebner, S. S. |
| Fuller form of name | (Solomon Stephen), |
| Dates associated with a name | 1882-1964. |
| 942 ## - ADDED ENTRY ELEMENTS (KOHA) | |
| Item type | Book - Borrowing |
| Call number prefix | 368.32BLA |
| Withdrawn status | Item status | Damaged status | Not for loan | Home library | Current library | Shelving location | Date acquired | Source of acquisition | Total Checkouts | Full call number | Barcode | Date last seen | Koha item type |
|---|---|---|---|---|---|---|---|---|---|---|---|---|---|
| Central Library | Central Library | First floor | 09/12/2007 | Purchase | 368.32BLA | 000008537 | 15/07/2025 | Book - Borrowing |